| 000 | 00757nam a2200241Ia 4500 | ||
|---|---|---|---|
| 003 | OSt | ||
| 005 | 20220623133846.0 | ||
| 008 | 210716s2001 xx 000 0 und d | ||
| 020 | _a9788131761755 | ||
| 040 | _cAIMIT LIBRARY | ||
| 041 | _aeng | ||
| 082 |
_a005.82 _24 _bSTAW |
||
| 100 |
_aStallings, William. _944672 |
||
| 245 |
_aNetwork security essentials : _bApplications and standards / _cBy William Stallings |
||
| 250 | _a4th ed. | ||
| 260 |
_aNew Delhi : _bPearson Education , _c2012. |
||
| 300 |
_axiv, 417p ; _bPB ; _c23 cm. |
||
| 650 |
_aCryptography-Data encryption _944673 |
||
| 650 |
_aNetwork Security Applications _944674 |
||
| 650 |
_aSystem Security _944675 |
||
| 650 |
_aOnline Appendices _944676 |
||
| 942 |
_2ddc _cBK _e4th _k005.82 STAW |
||
| 999 |
_c193188 _d193188 |
||